The Never Ending Story - All Lyrics - Statistics

General Stats
  • This quiz has been taken 206 times
  • The average score is 96 of 132
Answer Stats
Answer % Correct
a
99%
the
98%
you
95%
story
94%
be
93%
ending
93%
never
93%
see
93%
what
93%
In
91%
in
91%
look
89%
at
87%
dream
87%
to
86%
around
85%
of
85%
Turn
85%
your
85%
her
80%
face
79%
mirror
78%
answer
76%
dreams
75%
make
75%
is
74%
Ah
73%
ah
73%
and
72%
And
72%
believe
72%
fantasy
67%
I'm
67%
will
66%
everywhere
65%
on
64%
fly
63%
stars
63%
Reach
62%
pages
61%
light
56%
rainbow
55%
there
54%
written
54%
clouds
52%
Given
51%
behind
49%
keep
49%
secrets
49%
that
49%
upon
48%
their
46%
unfold
40%
Rhymes
39%
no
25%
for
23%
she
20%
away
19%
fade
18%
fear
16%
may
16%
Show
16%
day
15%
new
14%
hand
13%
birth
10%
No matching quizzes found
Score Distribution
Percent of People with Each Score
Percentile by Number Answered
Your Score History
You have not taken this quiz